Marcatori dei Paesi Bassi agli Europei - Belgio-Paesi Bassi 2000 - Statistics

Statistiche generali
  • Questo quiz è stato fatto 3 volte
  • Il punteggio medio è 6 su 12
Statistiche sulle risposte
Partita Minuto Marcatore % Corretto
Danimarca - Paesi Bassi 0-3 57' Patrick Kluivert
100%
Francia - Paesi Bassi 2-3 14' Patrick Kluivert
100%
Paesi Bassi - Jugoslavia 6-1 24' Patrick Kluivert
100%
Paesi Bassi - Jugoslavia 6-1 38' Patrick Kluivert
100%
Paesi Bassi - Jugoslavia 6-1 54' Patrick Kluivert
100%
Paesi Bassi - Repubblica Ceca 1-0 89' Frank de Boer
33%
Francia - Paesi Bassi 2-3 51' Frank de Boer
33%
Danimarca - Paesi Bassi 0-3 66' Ronald de Boer
33%
Danimarca - Paesi Bassi 0-3 77' Boudewijn Zenden
0%
Francia - Paesi Bassi 2-3 59' Boudewijn Zenden
0%
Paesi Bassi - Jugoslavia 6-1 78' Marc Overmars
0%
Paesi Bassi - Jugoslavia 6-1 91' Marc Overmars
0%
Nessun quiz corrispondente trovato
Distribuzione punteggi
Percentuale di utenti per punteggio
Percentile per numero di risposta
I tuoi punteggi nel tempo
Non hai fatto questo quiz